<?xml version="1.0" encoding="UTF-8"?><?xml-stylesheet type="text/xsl" href="static/style.xsl"?><OAI-PMH xmlns="http://www.openarchives.org/OAI/2.0/" xmlns:xsi="http://www.w3.org/2001/XMLSchema-instance" xsi:schemaLocation="http://www.openarchives.org/OAI/2.0/ http://www.openarchives.org/OAI/2.0/OAI-PMH.xsd"><responseDate>2026-06-06T04:32:38Z</responseDate><request verb="GetRecord" identifier="oai:riuma.uma.es:10630/26222" metadataPrefix="marc">https://riuma.uma.es/rest/oai/request</request><GetRecord><record><header><identifier>oai:riuma.uma.es:10630/26222</identifier><datestamp>2026-02-03T11:37:48Z</datestamp><setSpec>com_10630_2254</setSpec><setSpec>col_10630_37960</setSpec></header><metadata><record xmlns="http://www.loc.gov/MARC21/slim" xmlns:dcterms="http://purl.org/dc/terms/" xmlns:doc="http://www.lyncode.com/xoai" xmlns:xsi="http://www.w3.org/2001/XMLSchema-instance" xsi:schemaLocation="http://www.loc.gov/MARC21/slim http://www.loc.gov/standards/marcxml/schema/MARC21slim.xsd">
   <leader>00925njm 22002777a 4500</leader>
   <datafield ind2=" " ind1=" " tag="042">
      <subfield code="a">dc</subfield>
   </datafield>
   <datafield ind2=" " ind1=" " tag="720">
      <subfield code="a">Calvo García, Guadalupe</subfield>
      <subfield code="e">author</subfield>
   </datafield>
   <datafield ind2=" " ind1=" " tag="720">
      <subfield code="a">García Gómez, Teresa</subfield>
      <subfield code="e">author</subfield>
   </datafield>
   <datafield ind2=" " ind1=" " tag="720">
      <subfield code="a">Penna Tosso, Melani</subfield>
      <subfield code="e">author</subfield>
   </datafield>
   <datafield ind2=" " ind1=" " tag="720">
      <subfield code="a">Sánchez Sáinz, Mercedes</subfield>
      <subfield code="e">author</subfield>
   </datafield>
   <datafield ind2=" " ind1=" " tag="720">
      <subfield code="a">Vázquez-Recio, Rosa</subfield>
      <subfield code="e">author</subfield>
   </datafield>
   <datafield ind2=" " ind1=" " tag="260">
      <subfield code="c">2023-03-29</subfield>
   </datafield>
   <datafield ind2=" " ind1=" " tag="520">
      <subfield code="a">Se han realizado 12 estudios de caso en las cinco Comunidades, los cuales se han analizado y puesto en común en un informe multi-caso. Como principal conclusión la aplicación de las políticas educativas tiene una clara tendencia a la competitividad, a la segregación escolar y a la falta de inclusión, que, sin duda, perjudica la equidad. Esto se reduce en medidas que desprestigian y reducen los recursos de la escuela pública, que atiende al alumnado con más dificultades, frente a la escuela concertada. Esto, además de generar segregación y guetos, condiciona la labor docente, que cada vez está más burocratizada, fiscalizada y es menos autónoma e innovadora; ya que el profesorado debe organizar su labor en función de la evaluación. Esta tendencia se complementa con una reducción de la participación y, en consecuencia, de la democracia de los centros, motivada principalmente por el hecho de que el Consejo Escolar deja de ser órgano de gobierno y sea la dirección la que tenga la potestad de tomar las decisiones. En los estudios de casos de experiencias innovadoras que potencian la equidad, Educació 360 e Instituto Escuela, se pone de relieve que la organización del centro educativo, junto con una debida formación del profesorado, son herramientas fundamentales para lucha contra la segregación escolar, puesto que la continuidad de etapas (primaria-secundaria) se revela como un argumento fundamental para evitar el abandono escolar prematuro, gracias al acompañamiento y el trabajo con la comunidad.</subfield>
   </datafield>
   <datafield ind1="8" ind2=" " tag="024">
      <subfield code="a">INFORME DE INVESTIGACIÓN</subfield>
   </datafield>
   <datafield ind1="8" ind2=" " tag="024">
      <subfield code="a">https://hdl.handle.net/10630/26222</subfield>
   </datafield>
   <datafield tag="653" ind2=" " ind1=" ">
      <subfield code="a">España - Políticas educativas</subfield>
   </datafield>
   <datafield ind2="0" ind1="0" tag="245">
      <subfield code="a">4) Informe multicasos: Multicasos del proyecto de investigación nuevas políticas educativas y su impacto en la equidad</subfield>
   </datafield>
</record>
</metadata></record></GetRecord></OAI-PMH>